European Confederation of Property Managers (Record no. 120255)

MARC details
000 -LEADER
fixed length control field 00912cam a2200229 4500
001 - CONTROL NUMBER
control field WS121970
008 - FIXED-LENGTH DATA ELEMENTS--GENERAL INFORMATION
fixed length control field 030414n 000 0 eng u
035 ## - SYSTEM CONTROL NUMBER
System control number (Sirsi) u121970
110 ## - MAIN ENTRY--CORPORATE NAME
Corporate name or jurisdiction name as entry element European Confederation of Property Managers
9 (RLIN) 4425
245 ## - TITLE STATEMENT
Title European Confederation of Property Managers
520 ## - SUMMARY, ETC.
Summary, etc. Web site for this non-profit organisation which aims to study European laws and regulations relating to real estate ownership, management and administration. Includes their code of conduct and Charter of Quality Care. Site in English and French.
650 ## - SUBJECT ADDED ENTRY--TOPICAL TERM
Topical term or geographic name entry element EUROPE
650 ## - SUBJECT ADDED ENTRY--TOPICAL TERM
Topical term or geographic name entry element INTERNATIONAL
650 ## - SUBJECT ADDED ENTRY--TOPICAL TERM
Topical term or geographic name entry element LEGISLATION
650 ## - SUBJECT ADDED ENTRY--TOPICAL TERM
Topical term or geographic name entry element REGULATIONS
650 ## - SUBJECT ADDED ENTRY--TOPICAL TERM
Topical term or geographic name entry element CODE OF CONDUCT
650 ## - SUBJECT ADDED ENTRY--TOPICAL TERM
Topical term or geographic name entry element CUSTOMER CARE
650 ## - SUBJECT ADDED ENTRY--TOPICAL TERM
Topical term or geographic name entry element NEGOTIATION
690 ## - LOCAL SUBJECT ADDED ENTRY--TOPICAL TERM (OCLC, RLIN)
Topical term or geographic name as entry element PROPERTY MANAGEMENT
9 (RLIN) 6262
856 40 - ELECTRONIC LOCATION AND ACCESS
Uniform Resource Identifier <a href="https://www.cepi.be/ceab/ceabindx.html">https://www.cepi.be/ceab/ceabindx.html</a>
Public note View the website free of charge at www.cepi.be...
942 ## - ADDED ENTRY ELEMENTS (KOHA)
Suppress in OPAC 0
Holdings
Withdrawn status Lost status Source of classification or shelving scheme Damaged status Not for loan Home library Current library Shelving location Date acquired Total Checkouts Full call number Barcode Date last seen Copy number Price effective from Koha item type
    Dewey Decimal Classification     Virtual Virtual Online 14/04/2003   WEB SITE 121970-1001 06/08/2019 1 06/08/2019 Online material